Recognized Minority Languages in Europe - Statistics

General Stats
  • This quiz has been taken 216 times
    202 since last reset
  • The average score is 30 of 77
Answer Stats
Language % Correct
Catalan
85%
Irish
84%
Romani
79%
Welsh
76%
Basque
73%
German
70%
Greek
68%
Russian
68%
Serbian
68%
Croatian
67%
Albanian
66%
Bosnian
66%
Galician
66%
Slovak
66%
Swedish
66%
French
64%
Ukrainian
64%
Slovene
63%
Bulgarian
62%
Hungarian
62%
Italian
62%
Polish
62%
Romanian
62%
Scots
62%
Czech
61%
Finnish
61%
Cornish
58%
Frisian
58%
Manx
58%
Belarussian
57%
Macedonian
55%
Yiddish
51%
Lithuanian
50%
Tatar
50%
Faroese
48%
Arabic
46%
Scottish Gaelic
46%
Rusyn
42%
Armenian
40%
Kashub/ Kashubian
40%
Asturian
39%
Aragonese
37%
Karelian
32%
Moldovan
31%
Crimean Tatar
30%
Gagauz
30%
Kurdish
28%
Leonese
27%
Low German/ Low Saxon
27%
Greenlandic
25%
Limburgish
23%
Ladino
22%
Valencian
16%
Lower Sorbian
15%
North Sami
13%
Upper Sorbian
13%
South Sami
11%
North Frisian
10%
Aranese
9%
Franco-Provencal
9%
Kven
9%
Meankieli
9%
Ulster-Scots
9%
Saterland Frisian
8%
Istro-Romanian
7%
Vlach
7%
Inari Sami
6%
Skolt Sami
6%
Lule Sami
5%
Assyrian
4%
Karaim
3%
Lemko
2%
Yezidi
2%
Boyash
1%
Bunjevac
1%
Romanes/ Scandoromani
1%
Yenish
1%
No matching quizzes found
Score Distribution
Percent of People with Each Score
Percentile by Number Answered
Your Score History
You have not taken this quiz since the last reset